| 000 | 01141nac a22002531u 4500 | ||
|---|---|---|---|
| 008 | 101007t xxu||||| |||| 00| 0 eng d | ||
| 010 | _a 2004304537 | ||
| 020 | _a0632052511 | ||
| 020 | _a9780632052516 | ||
| 035 | _a(OCoLC)ocm49692048 | ||
| 082 | 0 | 0 |
_a624.1834 _bCON |
| 100 |
_a20080729 _920180 |
||
| 245 | 0 | 0 |
_aConcrete : _bBuilding Pathology / _cEdited by Susan Macdonald ; Foreword by David Watt & Peter Swallow. |
| 260 |
_aOxford ; _aMalden, MA : _bBlackwell Science, _c2003. |
||
| 300 |
_axvii, 309 p. : _bill. ; _c25 cm. |
||
| 504 | _aIncludes bibliographical references and index. | ||
| 650 | 0 |
_aConcrete construction _xMaintenance and repair. _920181 |
|
| 650 | 0 |
_aConcrete construction _xDeterioration. _920182 |
|
| 650 | 0 |
_aConcrete. _920183 |
|
| 700 | 1 |
_aMacdonald, Susan, _d1961- _920184 |
|
| 856 | 4 | 1 |
_3Table of contents only _uhttp://www.loc.gov/catdir/toc/fy0608/2004304537.html |
| 942 |
_cBB _k624.1834 CON _2ddc |
||
| 999 |
_c1973 _d1973 |
||